|
|
|
|
| LEADER |
00000nab a2200000 a 4500 |
| 001 |
vtls000382122 |
| 003 |
SK-MaSNL |
| 005 |
20260302232421.0 |
| 008 |
160215c1990 xo 0 slo |
| 015 |
|
|
|a SNBRB19rr/mm-uuuuu
|
| 035 |
|
|
|a CL0382244
|
| 040 |
|
|
|a SNKBUCL
|b slo
|c SNKBUCL
|e AACR2
|
| 041 |
0 |
|
|a slo
|
| 044 |
|
|
|a xo
|c SK
|
| 080 |
|
|
|a 792.071.2
|2 1981
|
| 080 |
|
|
|a 791.44.071.2
|2 1981
|
| 080 |
|
|
|a 929 Chudík, Ladislav
|2 1981
|
| 100 |
1 |
|
|a Chudík, Ladislav,
|d 1924-2015
|4 aut
|9 101396
|
| 245 |
1 |
0 |
|a Životné roly Ladislava Chudíka
|c Ladislav Chudík, Adela Demeková
|
| 300 |
|
|
|b Obr. 1.
|
| 600 |
1 |
7 |
|a Chudík, Ladislav,
|d 1924-2015
|2 snkbucl
|9 101396
|
| 655 |
|
7 |
|a články z novín a časopisov
|2 snkbucl
|9 267496
|
| 700 |
1 |
|
|a Demeková, Adela
|4 aut
|9 265566
|
| 773 |
0 |
|
|t Smena
|g Roč. 43, č. 122 (26. 5. 1990), s. 5
|
| 850 |
|
|
|a Slovenská národná knižnica v Martine
|a MTA001
|
| 852 |
|
|
|a SNK
|b KIS3GCP
|
| 958 |
|
|
|a BX
|
| 992 |
|
|
|a RBX
|
| 999 |
|
|
|c 1542821
|d 1544751
|